Manažment ľudských zdrojov strategické aspekty práce s ľuďmi
Salvato in:
| Autore principale: | |
|---|---|
| Altri autori: | |
| Natura: | Libro |
| Lingua: | slovacco |
| Pubblicazione: |
Žilina
Žilinská univerzita v Žiline/EDIS-vydavateľstvo UNIZA
2024
|
| Edizione: | 1. vydanie |
| Soggetti: | |
| Tags: |
Nessun Tag, puoi essere il primo ad aggiungerne!!
|
MARC
| LEADER | 00000nam a2200000 4500 | ||
|---|---|---|---|
| 001 | 0305170 | ||
| 005 | 20250211105135.7 | ||
| 020 | |a 978-80-554-2119-3 | ||
| 041 | 0 | |a slo | |
| 044 | |a SK | ||
| 245 | 1 | 0 | |a Manažment ľudských zdrojov |b strategické aspekty práce s ľuďmi |c Dominika Toman, Martin Mičiak |
| 250 | |a 1. vydanie | ||
| 264 | 1 | |a Žilina |b Žilinská univerzita v Žiline/EDIS-vydavateľstvo UNIZA |c 2024 | |
| 300 | |a 170 s. | ||
| 610 | 2 | 0 | |a riadenie ľudských zdrojov |
| 610 | 2 | 0 | |a riadenie personálne |
| 610 | 2 | 0 | |a zdroje ľudské |
| 610 | 2 | 0 | |a hodnotenie pracovníkov |
| 610 | 2 | 0 | |a motivácia pracovná |
| 610 | 2 | 0 | |a vzdelávanie zamestnancov |
| 610 | 2 | 0 | |a kultúra podniková |
| 610 | 2 | 0 | |a zmeny organizačné |
| 100 | 1 | |a Toman, Dominika | |
| 700 | 1 | |a Mičiak, Martin | |